00312pam a2200121 a 4500020002400000041000500024082001500029100002500044245006600069250001100135260003600146300000800182 a978-81-7671-048-2c h a620.004'52 aSrinath L S eAuthor aReliability Engineering 4thcSrinath L S hTextual Documents  a4th ED bEast- West Press Pvt. Ltdc2014 a338